Statistiques concernant Naruto: Énigme Personnages ●1

Cliquez ici pour prendre le quiz!

Statistiques générales

  • Ce quiz a été pris 707 fois
  • Le résultat moyen est 21 sur 26

Statistiques - réponses

indicelettrePersonnage% Correct
A succède a D en tant que hokage leur villageANaruto
98%
B est le frère de LBSasuke
97%
D a tué de ses mains G sous le regard de FDKakashi
96%
C a toujours eu un amour fou pour BCSakura
95%
L a tué tout son clan mais il a épargné BLItachi
94%
I a mis au monde AIMinato
93%
F a donné un de ses yeux a DFObito
93%
J était amoureux de NJJiraya
91%
Q le premier autre hôte de démon que A rencontreQGaara
90%
N donne dans les début de la série un colier a ANTsunade
90%
M a scellé T en lui-même après avoir obtenu le RinneganMMadara
88%
K a surpris tout le monde pendant son combat contre Q à l'examen ChûninKRock Lee
87%
E a abandonné contre O dans l'examen chûninEShikamaru
84%
V a tué JVPain
83%
G est une des élève de IGRin
83%
P a fondé le village de konoha avec MPHashirama
82%
T a été manipuler par F pour que il attaque le villageTKurama
78%
H a été un élève de JHNagato
78%
O est de la même famille que QOTemari
78%
Z est un personnage du début de Naruto qui vient du village caché de kiri et Z a pleuré la mort de WZZabuza
77%
X est l'amie d'enfance de Y et HXKonan
71%
S a été l'hôte de TSKushina
71%
W était le disciple de ZWHaku
62%
Y se sacrifia en s'empalant sur le kunaï que tenait HYYahiko
61%
R récupère l'épée de ZRSuigetsu
53%
U est un hôte de démon qui se fait capturer par V dans une forêtUUtakata
42%

Distribution des résultats

Percentile par nombre de réponses

% des personnes avec chaque résultat

Votre développement - résultats

Vous n’avez pas pris ce quiz